Driven( The Virat Kohli Story) (Record no. 11252)

MARC details
000 -LEADER
fixed length control field 00267nam a22000977a 4500
008 - FIXED-LENGTH DATA ELEMENTS--GENERAL INFORMATION
fixed length control field 181204b ||||| |||| 00| 0 eng d
020 ## - INTERNATIONAL STANDARD BOOK NUMBER
International Standard Book Number 9789385936265
100 ## - MAIN ENTRY--PERSONAL NAME
Personal name Lokapally Vijay
9 (RLIN) 7000
245 ## - TITLE STATEMENT
Title Driven( The Virat Kohli Story)
260 ## - PUBLICATION, DISTRIBUTION, ETC. (IMPRINT)
Place of publication, distribution, etc. New Delhi
Name of publisher, distributor, etc. Bloomsbury
Date of publication, distribution, etc. 2016
Holdings
Withdrawn status Lost status Source of classification or shelving scheme Damaged status Koha normalized classification for sorting Not for loan Home library Current library Shelving location Date acquired Total Checkouts Total Renewals Full call number Barcode Date last seen Date last checked out Price effective from Koha item type
    Dewey Decimal Classification   796_350000000000000   Good Samaritan School Library Good Samaritan School Library Sports & Games 12/04/2018 6 2 796.35 LOK15200 07/24/2024 01/08/2024 12/04/2018 BOOK

Powered by Koha